000 00893nam a2200289Ia 4500
003 OSt
005 20221005062153.0
006 a|||||r|||| 00| 0
007 ta
008 221004b |||||||| |||| 00| 0 eng d
020 _a9781138823778 (pbk)
_cUKP 37.99
024 _a33920
037 _b1423, 15/09/2017, Bright Book Service
_cTextual
040 _aCRL
_cCRL
_beng
041 _2eng
_aeng
082 _aS8:6822, Q7
100 _aHargie Owen Au.
_932553
245 0 _aSkilled interpersonal communication
_b research theory and practice
250 _a6th
260 _aLondon
_bRoutledge UK
_c2017
300 _axv,642p.
_ccm.
650 _a INTERPERSONAL RELATIONS
_933391
650 _a PSYCHOLOGY
650 _aGROUP IDENTITY
_9601507
942 _hS8:6822, Q7
_cTEXL
_2cc
999 _c969286
_d969286